| 000 -LEADER |
| fixed length control field |
01314cam a22003858i 4500 |
| 001 - CONTROL NUMBER |
| control field |
1013590246 |
| 003 - CONTROL NUMBER IDENTIFIER |
| control field |
OCoLC |
| 005 - DATE AND TIME OF LATEST TRANSACTION |
| control field |
20241223115733.0 |
| 008 - FIXED-LENGTH DATA ELEMENTS--GENERAL INFORMATION |
| fixed length control field |
171129s2019 pau b 001 0 eng |
| 010 ## - LIBRARY OF CONGRESS CONTROL NUMBER |
| LC control number |
2017057316 |
| 020 ## - INTERNATIONAL STANDARD BOOK NUMBER |
| International Standard Book Number |
9788131244609 |
| Qualifying information |
(pbk. ; |
| -- |
alk. paper) |
| 040 ## - CATALOGING SOURCE |
| Original cataloging agency |
NLM |
| Language of cataloging |
eng |
| Description conventions |
rda |
| Transcribing agency |
NLM |
| Modifying agency |
OCLCO |
| -- |
DLC |
| -- |
OCLCA |
| -- |
NLM |
| -- |
OCLCO |
| -- |
OCLCQ |
| 042 ## - AUTHENTICATION CODE |
| Authentication code |
pcc |
| 049 ## - LOCAL HOLDINGS (OCLC) |
| Holding library |
YYEA |
| -- |
VZYM |
| 080 ## - UNIVERSAL DECIMAL CLASSIFICATION NUMBER |
| Universal Decimal Classification number |
616-053.2 |
| Item number |
M-29 |
| 100 ## - MAIN ENTRY--PERSONAL NAME |
| 9 (RLIN) |
113 |
| Personal name |
Marcdante, J. Karen |
| 245 00 - TITLE STATEMENT |
| Title |
Nelson essentials of pediatrics / |
| Statement of responsibility, etc. |
[edited by] Karen J. Marcdante, Robert M. Kliegman. |
| 246 3# - VARYING FORM OF TITLE |
| Title proper/short title |
Essentials of pediatrics. |
| 250 ## - EDITION STATEMENT |
| Edition statement |
First South Asia Edition |
| 260 ## - PUBLICATION, DISTRIBUTION, ETC. |
| Place of publication, distribution, etc. |
Philadelphia, PA : |
| Name of publisher, distributor, etc. |
Elsevier, |
| Date of publication, distribution, etc. |
2016 |
| 300 ## - PHYSICAL DESCRIPTION |
| Extent |
784 p. |
| Other physical details |
ill |
| 500 ## - GENERAL NOTE |
| General note |
EINSTEIN & MMC: available online via Clinical Key & R2 Library. See Reference staff for assistance. |
| 500 ## - GENERAL NOTE |
| General note |
EINSTEIN contributors: Paul A. Levy, Robert W. Marion. |
| 504 ## - BIBLIOGRAPHY, ETC. NOTE |
| Bibliography, etc. note |
Includes bibliographical references and index. |
| 590 ## - LOCAL NOTE (RLIN) |
| Local note |
c.1 10071805 Ritt 4/13/18 $79.99. |
| 650 #2 - SUBJECT ADDED ENTRY--TOPICAL TERM |
| Topical term or geographic name entry element |
Pediatrics. |
| 650 #0 - SUBJECT ADDED ENTRY--TOPICAL TERM |
| Topical term or geographic name entry element |
Medicine |
| 9 (RLIN) |
69 |
| 653 ## - INDEX TERM--UNCONTROLLED |
| Uncontrolled term |
პედიატრია |
| 653 ## - INDEX TERM--UNCONTROLLED |
| Uncontrolled term |
მედიცინა |
| 700 1# - ADDED ENTRY--PERSONAL NAME |
| Personal name |
Marcdante, Karen J. |
| 700 1# - ADDED ENTRY--PERSONAL NAME |
| Personal name |
Kliegman, Robert. |
| 700 1# - ADDED ENTRY--PERSONAL NAME |
| Personal name |
Levy, Paul A. |
| 700 1# - ADDED ENTRY--PERSONAL NAME |
| Personal name |
Marion, Robert. |
| 942 ## - ADDED ENTRY ELEMENTS (KOHA) |
| Source of classification or shelving scheme |
|
| Koha item type |
Books |